[Event "26..OHHSenEM2019"]
[Site "Hamburg"]
[Date "2019.11.12"]
[Round "2.2"]
[White "Ditmas, Hugh"]
[Black "Hawranke, Dietrich"]
[Result "1/2-1/2"]
[WhiteElo "1888"]
[BlackElo "2044"]
[PlyCount "80"]
[EventDate "2019.??.??"]
[WhiteTeam "Bremer SG von 1877"]
[BlackTeam "Pinneberger SC 1932 eV"]

1. d4 d5 2. c4 c6 3. Nf3 Nf6 4. Nc3 g6 5. cxd5 cxd5 6. Bf4 Nc6 7. e3 Bg7 8. h3 Qb6 9. a3 Bf5 10. b4 O-O 11. Bd3 Bxd3 12. Qxd3 Rfc8 13. O-O a6 14. Rfc1 Qd8 15. Bh2 e6 16. Rc2 Nd7 17. Rac1 Nb6 18. Nd2 Ne7 19. Ne2 Rxc2 20. Rxc2 Rc8 21. Nc1 Rxc2 22. Qxc2 Qc8 23. Qxc8+ Nexc8 24. Kf1 Nc4 25. Nxc4 dxc4 26. Ke2 Bf8 27. Na2 Bd6 28. Bxd6 Nxd6 29. Nc3 Nb5 30. Nxb5 axb5 31. e4 Kf8 32. f3 Ke7 33. g4 f5 34. g5 Kd6 35. Kd2 Kc6 36. Kc3 f4 37. Kd2 Kd6 38. Kc3 Kc6 39. Kd2 Kd6 40. Kc3 Kc6 1/2-1/2

[Event "26..OHHSenEM2019"]
[Site "Hamburg"]
[Date "2019.11.12"]
[Round "2.3"]
[White "Porth, Hartmut"]
[Black "Stuhlmann, Alexander"]
[Result "1/2-1/2"]
[WhiteElo "1990"]
[BlackElo "1759"]
[PlyCount "100"]
[EventDate "2019.??.??"]
[WhiteTeam "SV Bargteheide"]
[BlackTeam "SK Johanneum Eppendorf"]

1. e4 c5 2. f4 d5 3. d3 dxe4 4. dxe4 Qxd1+ 5. Kxd1 Nc6 6. Be3 e6 7. Nf3 Nf6 8. Nbd2 Be7 9. Be2 O-O 10. Ne5 Nxe5 11. fxe5 Nd7 12. Bf4 f6 13. exf6 Nxf6 14. Bg3 Bd7 15. Bf3 Bc6 16. Ke2 Rad8 17. Rad1 Bb5+ 18. c4 Bc6 19. e5 Bxf3+ 20. gxf3 Nh5 21. Ne4 Nxg3+ 22. hxg3 b6 23. Ke3 h6 24. f4 Rxd1 25. Rxd1 Rd8 26. Rxd8+ Bxd8 27. Nd6 Kf8 28. a3 a5 29. Kd3 Ke7 30. Kc3 Kd7 31. Kd3 Be7 32. Nb5 g5 33. Ke4 gxf4 34. gxf4 h5 35. Nc3 h4 36. Kf3 Ke8 37. Kg4 Kf7 38. Ne4 Kg6 39. Nd2 h3 40. Kxh3 Kf5 41. Kg3 Bf8 42. Nf3 Bh6 43. Nh4+ Ke4 44. Ng2 a4 45. Kg4 Kd4 46. f5 Kxe5 47. fxe6 Kxe6 48. Nf4+ Bxf4 49. Kxf4 Kf6 50. Ke4 Ke6 1/2-1/2

[Event "26. Offene Hamburger SEM 2019 65+"]
[Site "Hamburg"]
[Date "2019.11.12"]
[Round "2.6"]
[White "Pfitzer, Norbert"]
[Black "Chmielewski, Axel"]
[Result "1-0"]
[WhiteElo "1955"]
[BlackElo "1746"]
[PlyCount "33"]
[EventDate "2019.??.??"]
[WhiteTeam "SV Backnang"]
[BlackTeam "Volksdorfer SK 1948"]

{[%evp 0,33,26,30,30,23,21,2,-8,-10,6,12,32,-8,36,34,40,42,54,11,58,17,55,55,334,339,364,372,360,371,428,427,427,387,387,387]} 1. Nf3 Nf6 2. d4 d5 3. g3 Bf5 4. Bg2 c6 5. O-O e6 6. c4 Bd6 7. c5 Bc7 8. Nh4 Bg6 9. Bg5 Nbd7 10. Nc3 h6 11. Nxg6 hxg5 12. Nxh8 Ke7 13. Nxf7 Kxf7 14. e4 Qh8 15. e5 Nh5 16. f4 gxf4 17. g4 1-0

[Event "26. Offene Hamburger SEM 2019 65+"]
[Site "Hamburg"]
[Date "2019.11.12"]
[Round "2.7"]
[White "Krotofil, Kurt"]
[Black "Kreutzkamp, Hans-Rudolf"]
[Result "0-1"]
[WhiteElo "1756"]
[BlackElo "1948"]
[PlyCount "56"]
[EventDate "2019.??.??"]
[WhiteTeam "Niendorfer TSV 1919 SAbt"]
[BlackTeam "SK Union Eimsbuettel eV"]

{[%evp 0,56,24,26,26,-4,-4,0,17,17,45,20,29,17,27,-6,9,11,8,-2,-8,-2,29,28,28,17,17,-13,-2,-50,-50,-50,-50,-50,-32,-68,-68,-68,-66,-66,-73,-115,-115,-67,-61,-105,-60,-135,-113,-470,-458,-419,-501,-501,-501,-950,-399,-29995,-29996]} 1. d4 Nf6 2. c4 e6 3. Nc3 b6 4. Bg5 Be7 5. Nf3 Bb7 6. e3 O-O 7. Be2 d6 8. O-O Nbd7 9. Qc2 Rc8 10. Rad1 d5 11. cxd5 Nxd5 12. Bxe7 Qxe7 13. Rd2 c5 14. Rc1 cxd4 15. Nxd4 Nxc3 16. bxc3 Ne5 17. Nf3 Nxf3+ 18. Bxf3 Bxf3 19. gxf3 Rc5 20. Qa4 Qf6 21. f4 Qg6+ 22. Kf1 a5 23. Rd6 Rh5 24. Qd4 Rxh2 25. Ke2 Qg4+ 26. Kd3 Rxf2 27. Re1 Qf5+ 28. Kc4 b5+ 0-1

[Event "26. Offene Hamburger SEM 2019 65+"]
[Site "Hamburg"]
[Date "2019.11.12"]
[Round "2.8"]
[White "Marquardt, Rolf"]
[Black "Strampfer, Jens"]
[Result "0-1"]
[Annotator "lenovo"]
[WhiteElo "1632"]
[BlackElo "1926"]
[PlyCount "98"]
[EventDate "2019.??.??"]
[WhiteTeam "Langenhorner SF 1928"]
[BlackTeam "SC Roesselsprung eV"]

{[%evp 0,75,19,31,82,51,47,39,51,40,34,14,38,15,11,8,9,-48,9,-8,-13,-46,-27,-45,0,-4,-8,-6,4,-49,-49,-50,-51,-105,-89,-89,-86,-91,-109,-95,-89,-88,-67,-109,-109,-109,-109,-102,-100,-100,-113,-98,-84,-132,-127,-124,-81,-73,-73,-73,-65,-67,-58,-58,-48,-42,-18,-62,-62,-76,-76,-76,0,0,0,-378,-271,-279]} 1. d4 b6 2. Bf4 Bb7 3. Nd2 d6 4. Ngf3 Nd7 5. e3 g6 6. Be2 Bg7 7. O-O e5 8. Bg3 Ne7 9. c3 Nf5 10. Qa4 Nxg3 11. hxg3 O-O 12. Bb5 Nf6 13. dxe5 dxe5 14. Rad1 a6 15. Be2 Qe7 16. e4 b5 17. Qc2 c5 18. Nh2 Rad8 19. Ng4 Nxg4 20. Bxg4 Rd6 21. Nb1 Rfd8 22. Rxd6 Rxd6 23. Rd1 Bh6 24. Rxd6 Qxd6 25. Be2 Bc8 26. Qd3 Qxd3 27. Bxd3 Be6 28. b3 Bc1 29. c4 b4 30. Kf1 f5 31. Ke2 a5 32. Nd2 Bxd2 33. Kxd2 f4 34. gxf4 exf4 35. Ke2 g5 36. Kf3 h5 37. g3 Bg4+ 38. Kg2 f3+ 39. Kh2 Kf7 40. Kg1 Ke6 41. Kf1 Ke5 42. Ke1 Kd4 43. Bb1 Bh3 44. Kd2 h4 45. gxh4 gxh4 46. Bc2 Bg2 47. e5 Kxe5 48. Ke3 h3 49. Be4 h2 0-1

[Event "26. Offene Hamburger SEM 2019 65+"]
[Site "Hamburg"]
[Date "2019.11.12"]
[Round "2.9"]
[White "Wang, Huanying"]
[Black "Schulz, Wolfgang"]
[Result "0-1"]
[WhiteElo "967"]
[BlackElo "1907"]
[PlyCount "80"]
[EventDate "2019.??.??"]
[WhiteTeam "Niendorfer TSV 1919 SAbt"]
[BlackTeam "Hamburger SK von 1830 eV"]

{[%evp 0,80,32,30,22,17,22,-15,24,9,17,12,20,18,23,23,23,2,17,-3,13,-30,-22,-38,-13,-8,8,-11,0,-19,0,-47,-29,-265,-271,-283,-247,-287,-293,-390,-390,-398,-405,-405,-380,-406,-400,-544,-545,-592,-599,-599,-556,-791,-604,-614,-603,-633,-649,-651,-662,-663,-585,-578,-578,-588,-576,-737,-745,-29989,-29990,-29991,-29992,-29993,-1528,-1550,-1573,-1520,-1592,-1656,-1670,-1694,-2123]} 1. e4 e5 2. Nf3 Nc6 3. Bb5 a6 4. Ba4 Nf6 5. Nc3 Be7 6. O-O b5 7. Bb3 O-O 8. Re1 d6 9. h3 Na5 10. Bd5 c6 11. Bb3 Nxb3 12. axb3 Re8 13. Re3 Bf8 14. d4 Bb7 15. d5 Qc7 16. Ne2 cxd5 17. Rc3 Qb6 18. Be3 d4 19. Bxd4 exd4 20. Nexd4 Nxe4 21. Re3 g6 22. c3 Bh6 23. Rd3 Nc5 24. Nh4 Nxd3 25. Qxd3 Re4 26. Qg3 Bf4 27. Qd3 Rae8 28. Rf1 Re1 29. b4 Qd8 30. Nhf3 Rxf1+ 31. Qxf1 Qf6 32. Kh1 Be5 33. Qd3 Bxd4 34. Nxd4 Re1+ 35. Kh2 Qxf2 36. Nf3 Bxf3 37. Qxf3 Qg1+ 38. Kg3 Re3 39. Kg4 h5+ 40. Kf4 g5+ 0-1

[Event "26..OHHSenEM2019"]
[Site "Hamburg"]
[Date "2019.11.12"]
[Round "2.9"]
[White "Szenetra, Werner"]
[Black "Keuneke, Hanno"]
[Result "1-0"]
[WhiteElo "2133"]
[BlackElo "1675"]
[PlyCount "57"]
[EventDate "2019.??.??"]
[WhiteTeam "SV Berenbostel"]
[BlackTeam "Langenhorner SF 1928"]

{[%evp 0,57,19,29,18,4,33,17,3,2,1,-13,4,4,6,19,19,-27,-13,-24,-21,-24,0,-5,-24,-24,22,23,-28,24,8,5,-6,-6,29,26,108,-12,150,-116,-118,-231,-132,-115,24,30,30,32,33,33,33,33,34,33,33,0,0,0,679,683]} 1. Nf3 Nf6 2. g3 g6 3. d3 Bg7 4. Bg2 O-O 5. O-O d6 6. e4 c5 7. Re1 Nc6 8. c3 Rb8 9. h3 Bd7 10. Be3 b5 11. Nbd2 Qc8 12. Kh2 a5 13. d4 cxd4 14. cxd4 Nb4 15. Rc1 Qb7 16. Qb3 Nxe4 17. Nxe4 Be6 18. Qd1 Qxe4 19. Bd2 Qd5 20. a3 Nd3 21. Ne5 Qxd4 22. Bc3 Qxc3 23. bxc3 Nxe1 24. Nc6 Nxg2 25. Nxb8 Rxb8 26. Kxg2 Rc8 27. a4 bxa4 28. Qxa4 Rxc3 29. Qe8+ 1-0

[Event "26..OHHSenEM2019"]
[Site "Hamburg"]
[Date "2019.11.12"]
[Round "2.10"]
[White "Gollasch, Theo-Heinz"]
[Black "Wilke, Wolfgang"]
[Result "1-0"]
[WhiteElo "1944"]
[BlackElo "1605"]
[PlyCount "109"]
[EventDate "2019.??.??"]
[WhiteTeam "Hamburger SK von 1830 eV"]
[BlackTeam "SV Grosshansdorf"]

1. Nf3 Nf6 2. g3 g6 3. c4 c6 4. d4 d5 5. b3 Bg7 6. Bb2 O-O 7. Bg2 a5 8. Nc3 Na6 9. c5 Bf5 10. O-O Ne4 11. Na4 Re8 12. Nh4 Be6 13. f4 f5 14. Nf3 Qc7 15. a3 Nb8 16. Ne5 Ra6 17. Qc2 Nd7 18. Nxd7 Bxd7 19. e3 Be6 20. Rfb1 Nf6 21. Bf1 Ra7 22. Bc3 Nd7 23. Qd2 Rea8 24. Ra2 b5 25. cxb6 Nxb6 26. Nc5 Bf7 27. a4 Nd7 28. Nd3 c5 29. dxc5 e5 30. fxe5 Nxe5 31. Bxe5 Bxe5 32. Nxe5 Qxe5 33. Qd3 Qc7 34. Rc2 Re8 35. Bg2 Qc6 36. Rd1 Rd7 37. Kf2 Rb8 38. Qc3 Qc7 39. Rd4 Rc8 40. Rcd2 Rcd8 41. Bf1 Re7 42. Bb5 Re5 43. h4 Be6 44. Be2 Bc8 45. c6 Be6 46. Bf3 Rd6 47. Rc2 Bf7 48. Qd2 Kg7 49. Qc3 Kf8 50. b4 axb4 51. Rxb4 Re8 52. Rb7 Qc8 53. Qc5 Qe6 54. c7 Rc8 55. Rb8 1-0

[Event "26..OHHSenEM2019"]
[Site "Hamburg"]
[Date "2019.11.12"]
[Round "2.11"]
[White "Schmeichel, Wolfgang"]
[Black "Berking, Bernhard"]
[Result "1/2-1/2"]
[WhiteElo "1563"]
[BlackElo "1485"]
[PlyCount "95"]
[EventDate "2019.??.??"]
[WhiteTeam "SF Wedel"]
[BlackTeam "SchVgg Blankenese von 1923 e.V."]

1. e4 c6 2. Nc3 d5 3. Qf3 dxe4 4. Nxe4 Nd7 5. d4 Ndf6 6. Be3 Nxe4 7. Qxe4 Nf6 8. Qf3 Qa5+ 9. c3 Bg4 10. Qg3 Be6 11. Nf3 Ne4 12. Qh4 Nf6 13. Bd3 O-O-O 14. b4 Qh5 15. Qxh5 Nxh5 16. c4 Kb8 17. Ng5 g6 18. Nxe6 fxe6 19. g4 Nf6 20. g5 Ne8 21. O-O-O Bg7 22. Be4 Ka8 23. c5 Nc7 24. Rd3 Nd5 25. Bxd5 exd5 26. f4 h6 27. Bf2 hxg5 28. fxg5 e5 29. dxe5 Bxe5 30. Bg3 Bxg3 31. Rxg3 Rde8 32. Rf3 Rh5 33. h4 a6 34. Rf6 Re4 35. Rxg6 Rexh4 36. Rxh4 Rxh4 37. Rg8+ Ka7 38. a3 Rg4 39. Kc2 Rg3 40. Kb2 d4 41. g6 a5 42. g7 d3 43. Rd8 Rxg7 44. Rxd3 Rg2+ 45. Kc1 Ra2 46. Re3 Ka6 47. Kb1 Rh2 48. Re7 1/2-1/2

[Event "26. Offene Hamburger SEM 2019 65+"]
[Site "Hamburg"]
[Date "2019.11.12"]
[Round "2.13"]
[White "Kaiser, Guenther"]
[Black "Werner, Joern"]
[Result "1-0"]
[WhiteElo "1456"]
[BlackElo "1560"]
[PlyCount "115"]
[EventDate "2019.??.??"]
[WhiteTeam "SK Union Eimsbuettel eV"]
[BlackTeam "SK Wilhelmsburg 1936 eV"]

{[%evp 0,113,21,32,32,-9,30,26,46,13,8,6,81,26,76,82,77,81,80,44,92,39,21,-2,34,17,25,29,62,106,88,-47,8,-36,47,-5,-5,-1,-5,-5,98,98,98,98,134,133,167,189,188,198,206,203,238,249,231,211,264,251,254,259,259,264,397,-225,320,178,300,-87,334,-166,-166,-166,-162,-271,-21,-21,-21,-41,-20,-42,11,0,0,0,124,90,142,152,291,272,303,199,239,239,239,189,461,214,361,240,240,240,1744,255,316,255,255,251,275,275,537,316,527,430,706,813]} 1. d4 d5 2. c4 dxc4 3. Nc3 Nf6 4. Nf3 c6 5. a4 Qc7 6. e3 e6 7. Bxc4 Be7 8. O-O O-O 9. Bd3 a6 10. Qc2 c5 11. Ne4 Nxe4 12. Bxe4 f5 13. Bd3 b6 14. b4 Bb7 15. Ne5 Nd7 16. f4 Rac8 17. bxc5 Nxe5 18. fxe5 bxc5 19. Bc4 cxd4 20. Bxe6+ Kh8 21. Qxc7 Rxc7 22. exd4 Bc8 23. Bxc8 Rcxc8 24. Be3 Rcd8 25. Rab1 Rd5 26. Rb7 Bd8 27. g4 g6 28. Rf3 h5 29. gxh5 gxh5 30. Kf2 Ra5 31. Rb8 Rd5 32. Bg5 Kg7 33. Rh3 Kg6 34. Be3 Bh4+ 35. Rxh4 Rxb8 36. Rh3 Ra5 37. Rg3+ Kf7 38. Rg5 Rb2+ 39. Kf3 Rxa4 40. Rxf5+ Ke6 41. Rxh5 Rb3 42. Rh6+ Ke7 43. Ke4 Raa3 44. Bg5+ Ke8 45. h4 Ra2 46. e6 Re2+ 47. Kf5 Rf2+ 48. Kg4 Rf8 49. e7 Rg8 50. Rxa6 Rb4 51. Rd6 Rxg5+ 52. hxg5 Kxe7 53. Rd5 Ke6 54. Re5+ Kd6 55. Re4 Rb1 56. Kf5 Rg1 57. g6 Kd5 58. Rf4 1-0

[Event "26. Offene Hamburger SEM 2019 65+"]
[Site "Hamburg"]
[Date "2019.11.12"]
[Round "2.14"]
[White "Frackowiak, Stanislaw"]
[Black "Wichmann, Dieter"]
[Result "0-1"]
[WhiteElo "1550"]
[BlackElo "1458"]
[PlyCount "101"]
[EventDate "2019.??.??"]
[WhiteTeam "Hamburger SK von 1830 eV"]
[BlackTeam "Hamburger SK von 1830 eV"]

{[%evp 0,84,19,31,23,19,11,17,16,10,2,10,40,20,34,18,17,10,49,-27,-17,-16,-12,-22,237,239,276,272,273,275,279,267,280,278,278,276,292,261,282,272,262,264,264,264,264,252,251,246,251,225,225,212,222,213,222,177,188,194,205,202,232,178,240,205,220,211,238,231,264,209,243,185,190,190,204,169,179,178,191,161,168,126,210,131,238,-181,-189]} 1. d4 d5 2. Nf3 Nf6 3. e3 Bf5 4. Bd3 Bxd3 5. Qxd3 e6 6. O-O Bd6 7. Nbd2 Nbd7 8. Re1 c5 9. c3 cxd4 10. exd4 O-O 11. Ne5 Nxe5 12. dxe5 Be7 13. exf6 Bxf6 14. Nf3 Rc8 15. Bf4 Re8 16. Rad1 a6 17. Be5 Be7 18. Nd2 b5 19. a3 f6 20. Bg3 Bc5 21. Nf3 Qb6 22. h3 Rcd8 23. Qc2 e5 24. Qb3 Qc6 25. Kf1 a5 26. Nd2 Kh8 27. f3 Qb6 28. Qc2 b4 29. axb4 axb4 30. Nb3 Be7 31. Bf2 Qc7 32. Rd3 d4 33. c4 Rc8 34. Nd2 Ra8 35. b3 Ra6 36. Ne4 Rea8 37. Rdd1 Ra2 38. Qd3 f5 39. Ng3 g6 40. Rb1 Kg8 41. Ne2 Bg5 42. Nc1 Rd2 43. Bg3 Rxd3 44. Bxe5 Rxf3+ 45. gxf3 Qc6 46. Kf2 Bh4+ 47. Bg3 Qd6 48. Bxh4 Qh2+ 49. Kf1 Qxh3+ 50. Ke2 Qxh4 51. Kd3 0-1

[Event "26..OHHSenEM2019"]
[Site "Hamburg"]
[Date "2019.11.12"]
[Round "2.15"]
[White "Hinrichs, Winfried"]
[Black "Behrensen, Joern"]
[Result "1-0"]
[WhiteElo "1424"]
[BlackElo "1544"]
[PlyCount "113"]
[EventDate "2019.??.??"]
[WhiteTeam "Langenhorner SF 1928"]
[BlackTeam "Hamburger SK von 1830 eV"]

1. e4 e6 2. d3 d5 3. Nd2 Nc6 4. Ngf3 Bc5 5. c3 dxe4 6. Nxe4 Bb6 7. d4 Nf6 8. Bd3 Nxe4 9. Bxe4 Bd7 10. O-O h6 11. Bf4 f5 12. Bc2 O-O 13. Bb3 Na5 14. Bc2 Bc6 15. Ne5 Be4 16. Bxe4 fxe4 17. Bg3 Qd5 18. Qe2 Nc6 19. Nxc6 Qxc6 20. Rae1 Rf6 21. Qxe4 Qxe4 22. Rxe4 c5 23. dxc5 Bxc5 24. Rfe1 Raf8 25. R1e2 Rd8 26. h3 Kf7 27. Bf4 Rd1+ 28. Kh2 g5 29. Be3 Bd6+ 30. g3 a6 31. Kg2 Rd5 32. Rd4 Rxd4 33. Bxd4 e5 34. Be3 Re6 35. Rd2 Kg6 36. g4 e4 37. Rd5 Bf4 38. Bd4 h5 39. gxh5+ Kxh5 40. Rd7 g4 41. Rh7+ Rh6 42. Rxh6+ Bxh6 43. hxg4+ Kxg4 44. Be3 Bg7 45. Bb6 Be5 46. a4 Kf5 47. Kf1 Ke6 48. Ke2 Kd5 49. Ke3 Bg7 50. Kd2 Bf6 51. Kc2 Bg5 52. Kb3 Be7 53. a5 Bc5 54. c4+ Kc6 55. Bxc5 Kxc5 56. Kc3 b5 57. cxb5 1-0

[Event "26. Offene Hamburger SEM 2019 65+"]
[Site "Hamburg"]
[Date "2019.11.12"]
[Round "2.16"]
[White "Geissler, Karl-Heinz"]
[Black "Paulsen, Helmut"]
[Result "1/2-1/2"]
[WhiteElo "1504"]
[BlackElo "1450"]
[PlyCount "37"]
[EventDate "2019.??.??"]
[WhiteTeam "Mummelmannsberger SV"]
[BlackTeam "FC St Pauli 1910 eV SAbt"]

{[%evp 0,37,21,21,21,10,24,12,12,20,9,-22,-25,-10,-9,-1,-1,-8,-5,-51,-51,-30,-34,-34,-37,-68,-44,-86,-69,-74,-31,-31,-21,-16,-8,-8,25,37,27,0]} 1. d4 d5 2. Nf3 Nf6 3. e3 e6 4. Be2 c5 5. c3 Nc6 6. O-O Bd6 7. dxc5 Bxc5 8. Nbd2 O-O 9. Nb3 Bd6 10. c4 dxc4 11. Bxc4 Qc7 12. Nbd2 b6 13. Qe2 Bb7 14. h3 Rac8 15. b3 Ne5 16. Bb2 Nxf3+ 17. Nxf3 e5 18. Rac1 Qe7 19. Rfd1 1/2-1/2

[Event "26..OHHSenEM2019"]
[Site "Hamburg"]
[Date "2019.11.12"]
[Round "2.17"]
[White "Lohkamp, Rolf"]
[Black "Heitsch, Karl-Wilhelm"]
[Result "0-1"]
[WhiteElo "1266"]
[BlackElo "1492"]
[PlyCount "64"]
[EventDate "2019.??.??"]
[WhiteTeam "Hamburger SK von 1830 eV"]
[BlackTeam "Betriebsschach"]

{[%evp 0,56,29,18,32,-14,-11,7,10,-28,2,21,17,32,30,33,44,21,28,25,36,25,-2,11,5,5,66,-31,59,68,66,-13,-15,-14,16,2,51,27,27,27,26,-34,-5,-306,-153,-151,-165,-474,-384,-690,-904,-814,-540,-539,-528,-528,-823,-1103,-1141]} 1. d4 d5 2. c4 e6 3. Nc3 Nf6 4. Bg5 Be7 5. Nf3 Nbd7 6. e3 h6 7. Bh4 c6 8. h3 O-O 9. Bd3 dxc4 10. Bxc4 b5 11. Bd3 Bb7 12. O-O Rc8 13. Re1 a5 14. a3 b4 15. Ne4 Nxe4 16. Bxe7 Qxe7 17. Bxe4 f5 18. Bc2 c5 19. Ba4 Nb6 20. Bb5 cxd4 21. Ne5 Qg5 22. Bf1 dxe3 23. Qd6 exf2+ 24. Kh1 fxe1=Q 25. Rxe1 Bd5 26. Qxb6 Rc2 27. Nf3 Bxf3 28. Qxe6+ Kh8 29. gxf3 Qg3 30. Re2 Qxf3+ 31. Kh2 Rxe2+ 32. Bxe2 Qf2+ 0-1

[Event "26. Offene Hamburger SEM 2019 65+"]
[Site "Hamburg"]
[Date "2019.11.12"]
[Round "2.18"]
[White "Eberhardt, Michael"]
[Black "Flader, Willi"]
[Result "1-0"]
[WhiteElo "1487"]
[BlackElo "1319"]
[PlyCount "91"]
[EventDate "2019.??.??"]
[WhiteTeam "SC Agon Neumuenster"]
[BlackTeam "SC Schwarz-Weiss Harburg"]

{[%evp 0,73,19,31,29,21,47,23,46,15,23,8,47,29,55,42,89,76,71,67,102,95,135,40,36,32,29,20,-2,-1,9,14,41,22,18,51,51,15,0,-22,-25,-62,-31,-51,-69,-203,-58,-66,162,-32,-32,-45,-16,-26,0,-53,63,-56,22,0,289,-31,-41,-281,39,-187,173,177,177,177,182,149,151,153,153,153]} 1. d4 e6 2. Nf3 c5 3. e3 a6 4. Bd3 Nf6 5. O-O Qc7 6. Nbd2 b6 7. c3 Bd6 8. Nc4 Be7 9. e4 d6 10. Bf4 b5 11. Ncd2 c4 12. Bc2 Nbd7 13. Qe2 Bb7 14. a4 O-O 15. e5 Nd5 16. Bg3 N5b6 17. exd6 Bxd6 18. Bxd6 Qxd6 19. a5 Nd5 20. Qe4 f5 21. Qh4 Rf6 22. Ne5 Rh6 23. Qg3 Rf8 24. Nxd7 Qxd7 25. Qe5 Rff6 26. f4 Rfg6 27. Nf3 Kf8 28. Kf2 Rg4 29. g3 Ke7 30. Rh1 Qc6 31. Qe2 Nf6 32. Bxf5 Ne4+ 33. Bxe4 Qxe4 34. Qxe4 Bxe4 35. Rae1 Bd5 36. h4 Rgg6 37. Re5 Kd6 38. Rhe1 Rf6 39. Ng5 Rf8 40. Ke3 Rb8 41. Nf7+ Ke7 42. Nxh6 gxh6 43. Kf2 Kf6 44. f5 Re8 45. fxe6 Re7 46. Rxd5 1-0

[Event "26. Offene Hamburger SEM 2019 65+"]
[Site "Hamburg"]
[Date "2019.11.12"]
[Round "2.19"]
[White "Neldner, Frank"]
[Black "Springer, Wolfgang Wilhelm"]
[Result "1-0"]
[WhiteElo "1482"]
[BlackElo "1245"]
[PlyCount "75"]
[EventDate "2019.??.??"]
[WhiteTeam "Hamburger SK von 1830 eV"]
[BlackTeam "Hamburger SK von 1830 eV"]

{[%evp 0,75,19,28,31,25,36,42,39,-16,-9,-13,22,-10,47,34,68,67,65,65,77,66,71,58,82,82,112,112,112,112,112,112,112,126,126,111,108,96,108,107,109,121,125,95,145,159,157,199,253,247,247,231,234,238,295,295,295,295,318,307,310,301,335,131,131,122,136,145,141,108,138,110,127,118,715,746,1032,1118]} 1. e4 e5 2. Nf3 Nf6 3. d4 Nxe4 4. Nxe5 d6 5. Nf3 d5 6. Bd3 Be7 7. Nbd2 Nxd2 8. Bxd2 O-O 9. h3 Nd7 10. O-O Nf6 11. Re1 Be6 12. Ng5 Qd7 13. Qe2 Rae8 14. Nxe6 Qxe6 15. Qxe6 fxe6 16. Rxe6 Bd6 17. Rxe8 Rxe8 18. a4 c5 19. dxc5 Bxc5 20. b4 Bd6 21. c3 Rf8 22. Be3 b6 23. a5 Ne4 24. Bxe4 dxe4 25. axb6 axb6 26. Bxb6 Rc8 27. Bd4 Kf7 28. Ra7+ Rc7 29. b5 Rxa7 30. Bxa7 Ke8 31. b6 Bc5 32. Kf1 Kd7 33. Ke2 Kc6 34. g4 g5 35. Bb8 Bxb6 36. Be5 Bc7 37. Bxc7 Kxc7 38. Ke3 1-0

[Event "26. Offene Hamburger SEM 2019 65+"]
[Site "Hamburg"]
[Date "2019.11.12"]
[Round "2.20"]
[White "Hofmeier, Arthur"]
[Black "Raedisch, Peter"]
[Result "0-1"]
[WhiteElo "1188"]
[BlackElo "1477"]
[PlyCount "49"]
[EventDate "2019.??.??"]
[WhiteTeam "Hamburger SK von 1830 eV"]
[BlackTeam "SF Hamburg eV 1934"]

{[%evp 0,40,21,25,31,26,48,-22,34,26,25,11,45,40,115,78,78,44,66,-11,81,33,131,99,161,121,109,93,112,112,88,79,74,68,90,47,46,51,37,34,71,53,68]} 1. e4 e5 2. Bc4 Bc5 3. c3 Qe7 4. b4 Bb6 5. a4 a6 6. Nf3 c6 7. O-O Nf6 8. d3 h6 9. h3 d6 10. Re1 Nh7 11. d4 Qf6 12. dxe5 dxe5 13. Be3 Nd7 14. Na3 O-O 15. Bb3 Rd8 16. Qe2 Bc7 17. a5 Ndf8 18. Nc4 Be6 19. Rab1 Bxc4 20. Bxc4 Ne6 21. Nh2 Nf4 22. Qf3 Ng5 23. Qg3 Nxe4 24. Qf3 Nd2 25. Qg3 0-1

[Event "26. Offene Hamburger SEM 2019 65+"]
[Site "Hamburg"]
[Date "2019.11.12"]
[Round "2.21"]
[White "Hinke, Gerhard"]
[Black "Thomann, Reinhard"]
[Result "1-0"]
[WhiteElo "1470"]
[BlackElo "1050"]
[PlyCount "145"]
[EventDate "2019.??.??"]
[WhiteTeam "Mummelmannsberger SV"]
[BlackTeam "SchVgg Blankenese von 1923 eV"]

{[%evp 0,120,25,23,25,21,17,18,12,21,82,14,1,27,16,-8,8,6,19,-14,9,-35,60,-44,-39,-62,-50,-119,-102,-127,-108,-110,-109,-108,-79,-91,-57,-128,-88,-89,-59,-78,-33,-528,-506,-512,-381,-476,-230,-293,-242,-293,-243,-293,-305,-410,-395,-395,-429,-463,-471,-787,-714,-600,-762,-780,-529,-535,-448,-504,-392,-460,-347,-362,-316,-329,-291,-410,-277,-322,-281,-317,-126,-241,-173,-316,-316,-316,-316,-303,-296,-435,-397,-398,-261,-295,-246,-246,-203,-350,33,33,33,20,20,20,41,41,83,62,128,82,123,151,161,161,314,259,423,452,510,-80,165]} 1. e4 e5 2. Nf3 Nc6 3. Bc4 Bc5 4. c3 h6 5. d3 Nf6 6. b4 Be7 7. Bb3 d6 8. O-O Be6 9. Bc2 Qd7 10. d4 Bg4 11. Bb2 exd4 12. cxd4 Nxb4 13. Bd3 O-O 14. a3 Nxd3 15. Qxd3 Rfe8 16. Nbd2 Rad8 17. Rfe1 Nh5 18. Nf1 Nf4 19. Qe3 Bg5 20. Nxg5 hxg5 21. Rad1 Bxd1 22. Rxd1 d5 23. e5 Re6 24. g3 Nh3+ 25. Kg2 Rh6 26. Rd3 Re8 27. Qf3 g4 28. Qd1 Qf5 29. f3 Ng5 30. fxg4 Qe4+ 31. Rf3 Nxf3 32. Qxf3 Qc2+ 33. Qf2 Qg6 34. Qf5 Qc6 35. Qf2 Ree6 36. Ne3 Rh8 37. h4 f6 38. Qf5 Qa6 39. Kh3 Qc6 40. a4 Kf8 41. Ba3+ Ke8 42. Qg6+ Kd8 43. Qxg7 Rhe8 44. g5 fxe5 45. dxe5 Rxe5 46. Ng4 Re1 47. Qf6+ Qxf6 48. Nxf6 R8e3 49. g6 Rxg3+ 50. Kxg3 Rg1+ 51. Kf4 Rxg6 52. Nxd5 c6 53. Ne3 Ke8 54. h5 Rg7 55. Bb2 Rh7 56. Kg5 Kf7 57. Nf5 c5 58. Nd6+ Kg8 59. h6 b6 60. Kg6 Rd7 61. Ne8 Re7 62. Nf6+ Kf8 63. h7 Rg7+ 64. Kf5 Rxh7 65. Nxh7+ Ke7 66. Ke5 Kd7 67. Kd5 Kc7 68. Nf6 Kb7 69. Ne8 Ka6 70. Bc3 b5 71. Nc7+ Kb6 72. Nxb5 a6 73. Nd6 1-0

[Event "26. Offene Hamburger SEM 2019 65+"]
[Site "Hamburg"]
[Date "2019.11.13"]
[Round "3.1"]
[White "Strampfer, Jens"]
[Black "Grimm, Uwe"]
[Result "0-1"]
[WhiteElo "1926"]
[BlackElo "2045"]
[PlyCount "56"]
[EventDate "2019.??.??"]
[WhiteTeam "SC Roesselsprung eV"]
[BlackTeam "MTV Dannenberg"]

{[%evp 0,56,19,-25,-25,-11,-18,-7,-13,-34,-22,-27,-8,-51,-35,-45,-33,-27,-15,-9,-17,-19,-18,-18,-5,9,12,12,27,-2,-2,-3,14,-8,-13,-12,-13,-13,0,-122,-79,-178,-178,-146,-146,-304,-304,-202,-208,-208,-169,-622,-675,-674,-622,-647,-656,-826,-829]} 1. b3 d5 2. e3 Bf5 3. Bb2 e6 4. f4 Nf6 5. Nf3 h6 6. d4 Nbd7 7. Bd3 Ne4 8. O-O Bd6 9. c4 c6 10. Nc3 Ndf6 11. Qc2 Nxc3 12. Bxc3 Bxd3 13. Qxd3 Ne4 14. b4 O-O 15. Rfb1 a6 16. a4 g5 17. c5 Bc7 18. g3 gxf4 19. gxf4 Kh8 20. Ra2 Rg8+ 21. Kf1 Qf6 22. Rbb2 Qf5 23. Ke1 Qh3 24. Rf2 Bd8 25. Ba1 Bh4 26. Nxh4 Nxf2 27. Rxf2 Rg1+ 28. Ke2 Qxh4 0-1